Die Liechtensteiner Steueraffäre als Menetekel des Rechtsstaats

Saved in:  
Bibliographic Details
Main Author: Schünemann, Bernd 1944- (Author)
Format: Print Article
Language:German
Published: 2008
In: Neue Zeitschrift für Strafrecht
Year: 2008, Volume: 28, Issue: 6, Pages: 305-310
Check availability: HBZ Gateway
Keywords:

MARC

LEADER 00000caa a2200000 c 4500
001 1622859820
003 DE-627
005 20220615134443.0
007 tu
008 080616s2008 xx ||||| 00| ||ger c
035 |a (DE-627)1622859820 
035 |a (DE-576)281758840 
035 |a (DE-599)BSZ281758840 
040 |a DE-627  |b ger  |c DE-627  |e rakwb 
041 |a ger 
100 1 |a Schünemann, Bernd  |d 1944-  |0 (DE-588)124299792  |0 (DE-627)08577037X  |0 (DE-576)162983077  |4 aut 
109 |a Schünemann, Bernd 1944- 
245 1 4 |a Die Liechtensteiner Steueraffäre als Menetekel des Rechtsstaats  |c Bernd Schünemann 
264 1 |c 2008 
336 |a Text  |b txt  |2 rdacontent 
337 |a ohne Hilfsmittel zu benutzen  |b n  |2 rdamedia 
338 |a Band  |b nc  |2 rdacarrier 
689 0 0 |d g  |0 (DE-588)4035665-6  |0 (DE-627)106246526  |0 (DE-576)209013966  |a Liechtenstein  |2 gnd 
689 0 1 |d s  |0 (DE-588)4057439-8  |0 (DE-627)106150952  |0 (DE-576)209122021  |a Steuerhinterziehung  |2 gnd 
689 0 2 |d s  |0 (DE-588)4125832-0  |0 (DE-627)105737089  |0 (DE-576)209579919  |a Skandal  |2 gnd 
689 0 3 |d s  |0 (DE-588)4145175-2  |0 (DE-627)105592919  |0 (DE-576)209739436  |a Beweismittel  |2 gnd 
689 0 4 |d s  |0 (DE-588)4130534-6  |0 (DE-627)105701882  |0 (DE-576)209619813  |a Rechtswidrigkeit  |2 gnd 
689 0 |5 (DE-627) 
773 0 8 |i In  |t Neue Zeitschrift für Strafrecht  |d München : Beck, 1981  |g 28(2008), 6, Seite 305-310  |w (DE-627)129335096  |w (DE-600)138241-X  |w (DE-576)014611473  |x 0720-1753  |7 nnas 
773 1 8 |g volume:28  |g year:2008  |g number:6  |g pages:305-310 
951 |a AR 
ELC |b 1 
LOK |0 000 xxxxxcx a22 zn 4500 
LOK |0 001 3247856676 
LOK |0 003 DE-627 
LOK |0 004 1622859820 
LOK |0 005 20250827155351 
LOK |0 008 101213||||||||||||||||ger||||||| 
LOK |0 040   |a DE-21-110  |c DE-627  |d DE-21-110 
LOK |0 689   |a s  |a Liechtensteiner Steueraffäre 
LOK |0 852   |a DE-21-110 
LOK |0 852 1  |m p  |9 00 
LOK |0 935   |a tre1 
LOK |0 938   |k p 
LOK |0 939   |a 13-12-10  |b l01 
ORI |a SA-MARC-krimdoka001.raw 
TIM |a 100017190123_100020261231  |b 1719-01-23 - 2026